000 00620nam a2200229Ia 4500
003 OSt
005 20220928123930.0
006 a|||||r|||| 00| 0
007 ta
008 220927b |||||||| |||| 00| 0 eng d
024 _a55548
037 _cTextual
040 _aSDCL
_cSDCL
_beng
041 _2eng
_aeng
082 _aV44Q7692'M9, L5
100 _aHarris John
245 0 _aMuch sounding of Bugles
_b The Siege of Chitral,1895
260 _aLondon
_bHutchinson
_c1975
300 _axv,248p
_ccm.
942 _hV44Q7692'M9, L5
_cTEXL
_2CC
999 _c775394
_d775394